000 01038nam a2200349Mi 4500
001 51754
005 20230410123422.0
008 060328s2005 sp 000 0 spa d
035 _a(OCoLC)ocn180906400
040 _aGWDNB
_erakwb
_bger
_cGWDNB
016 7 _a979122473
_2GyFmDB
020 _a8497422899
020 _a9788497422895
035 _a(OCoLC)180906400
041 1 _aspa
_hger
082 0 4 _a321.8
_2DDC22ger
084 _a320
_2GyFmDB
050 1 4 _aK11c 2005
100 1 _aKaelble, Hartmut
_4aut
245 0 0 _aCaminos hacia la democracia
_blos déficit democráticos de la Unión Europea
_cHartmut Kaelble. Ed. de Joaquín Abellán. Trad. de Carl Antonius Lemke Duque
260 _aMadrid
_bBiblioteca Nueva
_c2005
300 _a236 S.
_c21 cm
490 0 _aEnsayo
500 _aLiteraturverz. S. 217 - 236
648 7 _aGeschichte
_2swd
650 0 7 _aDemokratisierung
_2swd
651 7 _aEuropa
_2swd
730 0 _aWege zur Demokratie
_lspan.
942 _2lcc
_cbk
994 _aC0
_bDRFGD
946 _aLspaulino
999 _c61046
_d61046